L'Escala : llum, roca, mar, vent / llum, roca, mar, vent /
ISBN:
9788415248071
Descripción Física:
169 pàgines : il·lustracions ; 34 cm
Otros Autores:
Pernau, Gabriel
Materias:
Escala (Catalunya) -- Llibres de làmines
Idioma:
Catalán
MARC
| LEADER | 00000nam a2200000 a 4500 | ||
|---|---|---|---|
| 001 | 24636 | ||
| 005 | 20260324181125.0 | ||
| 008 | 111020s2011 spc|||| |||| 0|0 0 cat | ||
| 017 | |a DL B. 344-2011 |b Biblioteca de Catalunya | ||
| 020 | |a 9788415248071 | ||
| 043 | |a e-sp--- |b e-spcea |2 catmarc | ||
| 100 | |a Castells, Kim, |d 1947- |9 37595 | ||
| 245 | 1 | 2 | |a L'Escala : |b llum, roca, mar, vent / |c Kim Castells, Gabriel Pernau |
| 260 | |a L'Escala : |b Ajuntament de l'Escala : |b Arola, |c abril de 2011 | ||
| 300 | |a 169 pàgines : |b il·lustracions ; |c 34 cm | ||
| 500 | |a A la portada: Deu mil escalencs | ||
| 651 | 0 | |a Escala (Catalunya) |v Llibres de làmines |2 lemac |9 53532 | |
| 700 | |a Pernau, Gabriel |9 35744 | ||
| 710 | 1 | |a Escala (Catalunya). |b Ajuntament |9 53533 | |
| 908 | |a BC | ||
| 940 | |a BC | ||
| 942 | |2 udc |c ARXIU |n 1 | ||
| 952 | |0 0 |1 0 |4 0 |6 BIB688 |7 1 |9 62457 |a Arxiu |b Arxiu |d 2022-06-17 |l 0 |o Bib-688 |p 24636 |r 2022-06-17 00:00:00 |w 2022-06-17 |y ARXIU | ||
| 999 | |c 82094 |d 82094 | ||